000 00309nam a22001337a 4500
008 180806b xxu||||| |||| 00| 0 eng d
082 _b813.52
245 _aFundamentals of corporate finance
_cMARCUS.B.M
260 _c2004
300 _a1
_fCD
440 _x0072557559
760 _b4 th
942 _2ddc
_cMX
999 _c46857
_d46857